| 000 | 00434 a2200169 4500 | ||
|---|---|---|---|
| 003 | Nust | ||
| 005 | 20170207153320.0 | ||
| 040 | _cNust | ||
| 082 | _a005.1 | ||
| 100 | _aSuleman , Zaineb BESE-01 | ||
| 245 |
_aOnline course content and teacher,s performance evaluation system _cZaineb Suleman BESE-01 |
||
| 260 |
_bMCS _c1999 |
||
| 300 | _a99p | ||
| 538 | _aT4 And Shelf No 2 | ||
| 650 | _aUG Projects | ||
| 651 | _aUG CS Projects BESE-01 | ||
| 942 | _cTHS | ||
| 999 |
_c184082 _d184082 |
||